Gares sur la ligne de Lyon à Grenoble / Chambéry - Statistiques

Statistiques générales
  • Ce quiz a été pris 115 fois
  • Le résultat moyen est 9 sur 27
Statistiques - réponses
Embranchement Département Gare % Correct
1 Isère (38) Grenoble
88%
1 (38) Voiron
63%
0 (38) Bourgoin-Jallieu
62%
0 (38) La Tour-du-Pin
62%
0 Savoie (73) Chambéry - Challes-les-Eaux
52%
0 Rhône (69) Lyon-Perrache
52%
0 Isère (38) Saint-André-le-Gaz
43%
0 (69) Vénissieux
40%
0 (38) La Verpillière
38%
0 (38) L'Isle-d'Abeau
35%
0 Rhône (69) Saint-Priest
35%
0 Isère (38) Saint-Quentin-Fallavier
35%
1 (38) Voreppe
35%
1 (38) Moirans
34%
0 Isère (38) Pont-de-Beauvoisin
28%
0 (69) Lyon-Jean-Macé
27%
0 (38) Cessieu
26%
1 (38) Rives
26%
1 (38) Châbons
19%
1 (38) Le Grand-Lemps
19%
0 (73) Lépin-le-Lac - La Bauche
19%
1 (38) Réaumont - Saint-Cassien
18%
0 (73) Aiguebelette-le-Lac
17%
0 (38) Les Abrets - Fitilieu
16%
1 (38) Saint-Egrève-Saint-Robert
15%
1 (38) Virieu-sur-Bourbre
15%
0 Savoie (73) Saint-Béron - La Bridoire
14%
Aucun quiz correspondant
Distribution des résultats
% des personnes avec chaque résultat
Percentile par nombre de réponses
Votre historique - résultats
Vous n’avez pas pris ce quiz